1245 1649 1734 1312 1801 1128 1260 1999 1840 1347 1610 1350 1752 1668 1708 1404 1507 1579 1170 1353 1601 1653 1116 1010 1406 1945 1131 1983 1224 1219 1928 1885 1676 1675 1355 1819 1509 1817 1123 1581 1186 1546 1820 1201 1177 1976 1043 1539 1323 1566 1241 1635 1857 1376 1279 1509 1482 1784 1582 1344 1405 1864 1179 1167 1616 1182 1118 1608 1268 1955 1942 1013 1517 1725 1781 1858 1389 1634 1123 1072 1535 1596 1070 1629 1188 1887 1045 1553 1697 1662 1348 1663 1241 1306 1098 1102 1633 1287 1903 BCNSPRNW ULIB Ver.6.0+V

เปลี่ยนเป็นภาษาไทย

Change to English
 แสดงรายละเอียดบรรณานุกรม
  กลับหน้าหลัก

Brief Record : Get Marc (ISO 2709) : E-mail record : QR code < ปิดหน้าต่าง
LEADER : 00000nam 2200000uu 4500
001    13399111405
003     ULIB
008    110624s2550||||th 000 0 tha d
020    9749655966
060 04 WY106^bศ444ก 2550
100 0  ศิราณี อินทรหนองไผ่
245 10 กระบวนการพยาบาล :^bเครื่องมือนักจัดการสุขภาพองค์รวมเพื่อพัฒนาสุขภาพระดับปฐมภูมิ /^cศิราณี อินทรหนองไผ่
250    พิมพ์ครั้งที่ 2
260    มหาสารคาม :^bกลุ่มวิชาการพยาบาลชุมชนและสุขภาพจิตคณะพยาบาลศาสตร์ มหาวิทยาลัยมหาสารคาม,^c2550
300    [14], 363 หน้า ;^c26 ซม.
650  7 กระบวนการพยาบาล
650  7 การพยาบาล, การจัดการ
650  7 สุขภาพ
700 0  มหาวิทยาลัยมหาสารคาม. ^bคณะพยาบาลศาสตร์
945    ^p345^l0^i14847
945    ^p345^l0^i14848
995     เกษร
999    ^aใช้งานได้ทุกระบบ
รายการนี้ยังไม่มีแท็ก
คุณยังไม่ได้ล็อกอิน คุณสามารถมีกิจกรรมร่วมกับเว็บไซต์ได้ แต่ต้องล็อกอินก่อน ::
  ล็อกอิน

รายการสื่อสารสนเทศ

ลำดับที่ ประเภท เลขเรียก/บาร์โค้ด สถานที่ สถานะ
1. วิทยาศาสตร์การแพทย์ และสุขภาพ
หนังสือสำรอง
สถานะ=หนังสือสำรอง
WY106 ศ444ก 2550 ฉ.1 
  Barcode: 14847
ห้องสมุดวิทยาเขตสวรรค์ประชารักษ์
►ส่วนจัดเก็บหนังสือเก่า สปร
บนชั้น
  ขอยืม
2. วิทยาศาสตร์การแพทย์ และสุขภาพ
วิทยาศาสตร์การแพทย์ และสุขภาพ
WY106 ศ444ก 2550 ฉ.2 
  Barcode: 14848
ห้องสมุดวิทยาเขตสวรรค์ประชารักษ์
►ส่วนจัดเก็บหนังสือเก่า สปร
บนชั้น
  ขอยืม

รายการใกล้เคียง
    ผู้แต่ง [ศิราณี อินทรหนองไผ่]

    หัวเรื่อง [กระบวนการพยาบาล]
    หัวเรื่อง [การพยาบาล, การจัดการ]
    หัวเรื่อง [สุขภาพ]

BibComment


ยังไม่เคยถูกคอมเมนท์

คอมเมนท์ทรัพยากรรายการนี้
  คอมเมนท์: กระบวนการพยาบาล ..


 Copyright 2026. Bcnsprnw @Library